مكتبة جامعة عجلون الوطنية

فهرس بحث المكتبة

أثر القيادة التحويلية في تنمية الإبداع الإداري لدى العاملين في شركات الاتصالات في الأردن =The impact of Transformational Leadership in Developing Adminstrative Creativity among Employees in Telcommunications companies in jordan / (Record no. 31843)

MARC details
000 -LEADER
fixed length control field 01294nam a2200241Ii 4500
003 - CONTROL NUMBER IDENTIFIER
control field JO-AjNU
005 - DATE AND TIME OF LATEST TRANSACTION
control field 20240625130826.0
008 - FIXED-LENGTH DATA ELEMENTS--GENERAL INFORMATION
fixed length control field 230605s9999||||xx |||||||||||||| ||und||
040 ## - CATALOGING SOURCE
Original cataloging agency JO-AjNU
Language of cataloging ara
Description conventions rda
Transcribing agency JO-AjNU
041 ## - LANGUAGE CODE
Language code of text/sound track or separate title ara
050 14 - LIBRARY OF CONGRESS CALL NUMBER
Classification number HD45 2022
100 #1 - MAIN ENTRY--PERSONAL NAME
Personal name الحجاجرة، ختام عبدالغفار عبد المنعم
Relator term معد
9 (RLIN) 65658
245 00 - TITLE STATEMENT
Title أثر القيادة التحويلية في تنمية الإبداع الإداري لدى العاملين في شركات الاتصالات في الأردن =The impact of Transformational Leadership in Developing Adminstrative Creativity among Employees in Telcommunications companies in jordan /
Statement of responsibility, etc. اعداد ختام عبدالغفار عبدالمنعم الحجاجرة؛ اشراف محمود علي الروسان
264 31 - PRODUCTION, PUBLICATION, DISTRIBUTION, MANUFACTURE, AND COPYRIGHT NOTICE
Place of production, publication, distribution, manufacture 2022
300 ## - PHYSICAL DESCRIPTION
Extent 132 ورقة
336 ## - CONTENT TYPE
Content type term text
Content type code txt
Source rdacontent
337 ## - MEDIA TYPE
Media type term unmediated
Media type code n
Source rdamedia
338 ## - CARRIER TYPE
Carrier type term volume
Carrier type code nc
Source rdacarrier
500 ## - GENERAL NOTE
General note رسالة جامعية(اطروحة ماجستير) جامعة عجلون الوطنية، كلية ادارة الاعمال، تخصص ادارة الاعمال، 2022
650 #4 - SUBJECT ADDED ENTRY--TOPICAL TERM
Topical term or geographic name entry element الابداع في الادارة
9 (RLIN) 62442
700 #1 - ADDED ENTRY--PERSONAL NAME
Personal name الروسان، محمود علي
Relator term مشرف
9 (RLIN) 65363
942 ## - ADDED ENTRY ELEMENTS (KOHA)
Source of classification or shelving scheme Library of Congress Classification
Koha item type Thesis
Holdings
Withdrawn status Lost status Source of classification or shelving scheme Damaged status Not for loan Home library Current library Shelving location Date acquired Total Checkouts Full call number Barcode Date last seen Price effective from Koha item type
    Library of Congress Classification     مكتبة جامعة عجلون الوطنية مكتبة جامعة عجلون الوطنية المراجع 06/06/2023   HD45 2022 A28275 06/06/2023 06/06/2023 Thesis
    Library of Congress Classification     مكتبة جامعة عجلون الوطنية مكتبة جامعة عجلون الوطنية   25/06/2024   HD45 2022 a28274 25/06/2024 25/06/2024 Thesis